| 000 | 00349cam a2200133ua 4500 | ||
|---|---|---|---|
| 082 |
_a828.09 _bENR/EN |
||
| 100 |
_aEnright, D J . _91673 |
||
| 245 | _aEnglish Critical Texts: 16-20 Century / | ||
| 250 | _a1 / | ||
| 260 |
_aLondon : _bOxford University Press , _c1970. |
||
| 300 | _a384 ; . | ||
| 700 | 1 |
_aChichera, Ernst De . _91674 |
|
| 942 | _cBK | ||
| 999 |
_c5463 _d5463 |
||